000 00385nam a2200157Ia 4500
005 20250423095358.0
008 250422s9999 xx 000 0 und d
020 _a486- 20001- 9
050 _aQA 699.A13/
100 _aBanesh Hoffmann
245 0 _aFlatland: a romance of many dimentions
260 _bDover publications, inc.
260 _c1952
300 _a103 p
942 _cBK
999 _c30096
_d30096